[Event "39th WCh U20 Girls"]
[Site "Mexico City MEX"]
[Date "2023.09.22"]
[Round "3.8"]
[White "Djidjeli, Sarah"]
[Black "Hernandez Gil, Ineymig"]
[Result "1/2-1/2"]
[WhiteElo "2058"]
[BlackElo "2170"]
[EventDate "2023.09.21"]
[PlyCount "134"]

1.e4 c6 2.d4 d5 3.Nd2 dxe4 4.Nxe4 Bf5 5.Ng3 Bg6 6.h4 h6 7.Bd3 Bxd3 8.Qxd3 
e6 9.N1e2 Nf6 10.Bd2 Nbd7 11.O-O-O Qc7 12.Rhe1 O-O-O 13.Kb1 Bd6 14.Ne4 
Nxe4 15.Qxe4 Nf6 16.Qf3 c5 17.dxc5 Bxc5 18.Nc3 Qc6 19.Qxc6+ bxc6 20.f3 Bf2
21.Rh1 Rd4 22.Be1 Rxd1+ 23.Nxd1 Bb6 24.Bc3 Rd8 25.b3 Rd5 26.Nb2 Bd4 27.
Bxd4 Rxd4 28.Nc4 Nd7 29.c3 Rd5 30.Kc2 Nb6 31.Ne3 Rd8 32.Rd1 Nd5 33.Nc4 Kc7
34.Re1 Re8 35.g3 f6 36.Ne3 Nxe3+ 37.Rxe3 e5 38.Kd3 Rd8+ 39.Ke4 g6 40.f4 
exf4 41.Kxf4 Rd2 42.Re7+ Kb6 43.Rh7 g5+ 44.Kg4 gxh4 45.gxh4 Rg2+ 46.Kh5 
Rxa2 47.Rxh6 Ra3 48.Rxf6 Rxb3 49.Rf3 a5 50.Kg6 a4 51.h5 a3 52.h6 a2 53.h7 
a1=Q 54.h8=Q Qb1+ 55.Kf6 Qd1 56.Qb8+ Kc5 57.Qa7+ Kc4 58.Qa4+ Kc5 59.Qa7+ 
Kc4 60.Rf4+ Kxc3 61.Qc5+ Kb2 62.Rf2+ Kb1 63.Qf5+ Qd3 64.Rf1+ Kb2 65.Rf2+ 
Kb1 66.Rf1+ Kb2 67.Rf2+ Kb1 1/2-1/2

[Event "39th WCh U20 Girls"]
[Site "Mexico City MEX"]
[Date "2023.09.22"]
[Round "3.9"]
[White "Demchenko, Svitlana"]
[Black "Destic, Elena"]
[Result "1/2-1/2"]
[WhiteElo "2169"]
[BlackElo "1904"]
[EventDate "2023.09.21"]
[PlyCount "83"]

1.d4 c6 2.Nf3 Nf6 3.Bf4 Qb6 4.b3 d6 5.e3 g6 6.Bd3 Bg7 7.h3 O-O 8.O-O Nbd7 
9.Nbd2 Re8 10.e4 Qd8 11.e5 dxe5 12.dxe5 Nd5 13.Bh2 Nc5 14.Ne4 Nxe4 15.Bxe4
Nc3 16.Qe1 Nxe4 17.Qxe4 Bf5 18.Qe2 Qb6 19.g4 Be6 20.Ng5 c5 21.c4 h6 22.Ne4
Red8 23.f4 f5 24.exf6 Bxf6 25.Nxf6+ exf6 26.f5 Bf7 27.fxg6 Bxg6 28.Qe3 Re8
29.Qxh6 Kf7 30.Rad1 Rad8 31.Qf4 Rd4 32.Qf2 Qd8 33.Rde1 Rxe1 34.Rxe1 Rd2 
35.Qe3 Qd4 36.Bf4 Rxa2 37.Kh1 Qxe3 38.Rxe3 Rd2 39.Bb8 Rd3 40.Rxd3 Bxd3 41.
Bxa7 Bc2 42.Bxc5 1/2-1/2

[Event "39th WCh U20 Girls"]
[Site "Mexico City MEX"]
[Date "2023.09.22"]
[Round "3.10"]
[White "Hernandez Bermudez, Manuela"]
[Black "Francisco, Candela"]
[Result "0-1"]
[WhiteElo "1905"]
[BlackElo "2345"]
[EventDate "2023.09.21"]
[PlyCount "86"]

1.e4 e5 2.Nf3 Nc6 3.Bb5 Nge7 4.c3 d5 5.Nxe5 dxe4 6.d4 exd3 7.Nxc6 Nxc6 8.
Bxd3 Be6 9.Be3 Qd5 10.O-O O-O-O 11.Be2 Qe5 12.Qa4 Bd6 13.g3 Bc5 14.Qf4 
Bxe3 15.Qxe3 Qxe3 16.fxe3 Ne5 17.Rf2 h5 18.Na3 h4 19.gxh4 Rxh4 20.Rd1 Bxa2
21.Rxd8+ Kxd8 22.Rf4 Rxf4 23.exf4 Ng6 24.f5 Nh4 25.Bd3 Bd5 26.Kf2 Nf3 27.
Be2 Ne5 28.Ke3 f6 29.Nc2 Ke7 30.Ne1 Kd6 31.b4 b6 32.Nc2 a5 33.Na3 axb4 34.
cxb4 c6 35.h3 Bg2 36.h4 Bd5 37.Kf4 Bb3 38.Ke3 Kd5 39.Nb1 Nc4+ 40.Kd3 Ke5 
41.Bf3 c5 42.bxc5 bxc5 43.Nc3 Nd6 0-1

[Event "39th WCh U20 Girls"]
[Site "Mexico City MEX"]
[Date "2023.09.22"]
[Round "3.11"]
[White "Lu Miaoyi"]
[Black "Sultanbek, Zeinep"]
[Result "1-0"]
[WhiteElo "2214"]
[BlackElo "2022"]
[EventDate "2023.09.21"]
[PlyCount "101"]

1.e4 c5 2.Nf3 d6 3.d4 cxd4 4.Nxd4 Nf6 5.Nc3 a6 6.Rg1 e5 7.Nb3 Be6 8.g4 d5 
9.exd5 Nxd5 10.Nxd5 Qxd5 11.Qxd5 Bxd5 12.Be3 Nc6 13.c3 O-O-O 14.Nd2 Be7 
15.Bd3 Kb8 16.Ke2 Rhe8 17.Be4 Kc7 18.a4 a5 19.g5 Nb8 20.Rad1 Be6 21.Bd3 
Na6 22.Bb5 Rf8 23.Nc4 Bxc4+ 24.Bxc4 Nc5 25.Rxd8 Rxd8 26.Bxf7 Nxa4 27.Ra1 
Nxb2 28.Rxa5 Nd1 29.Rxe5 Nxc3+ 30.Kf1 Bd6 31.Bd4 Nb1 32.Rb5 Na3 33.Rb3 b5 
34.Bxg7 Rd7 35.Rc3+ Kb8 36.Rf3 Bxh2 37.Bb2 Nc4 38.Bxc4 bxc4 39.Rf8+ Kb7 
40.f4 Rd1+ 41.Ke2 Rg1 42.Be5 Rg2+ 43.Kf3 Rg3+ 44.Ke4 Rh3 45.Rh8 Rh5 46.Kd4
Rh4 47.g6 c3 48.g7 Rg4 49.g8=Q Rxg8 50.Rxg8 c2 51.Rb8+ 1-0

[Event "39th WCh U20 Girls"]
[Site "Mexico City MEX"]
[Date "2023.09.22"]
[Round "3.12"]
[White "Obregon Garcia, Roxangel"]
[Black "Yedigarian, Asya"]
[Result "1/2-1/2"]
[WhiteElo "2171"]
[BlackElo "1786"]
[EventDate "2023.09.21"]
[PlyCount "90"]

1.e4 c6 2.d4 d5 3.f3 e6 4.Nc3 Bb4 5.Bd2 Ne7 6.h4 b6 7.a3 Bxc3 8.Bxc3 Ba6 
9.Bxa6 Nxa6 10.Qd3 Qc8 11.O-O-O Qb7 12.Ne2 O-O-O 13.Be1 Kb8 14.Bg3+ Ka8 
15.h5 h6 16.Bh4 Rd7 17.g4 c5 18.Bxe7 c4 19.Qd2 Rxe7 20.e5 b5 21.c3 Nb8 22.
g5 a5 23.gxh6 gxh6 24.Qf4 b4 25.Kd2 bxc3+ 26.bxc3 Qb2+ 27.Ke3 Nc6 28.Qf6 
Rh7 29.Rhg1 Qc2 30.Rb1 Ka7 31.Rb5 Rc7 32.Rgb1 Qa4 33.Rc5 Rb7 34.Rxb7+ Kxb7
35.f4 Qc2 36.f5 Qe4+ 37.Kd2 Qd3+ 38.Ke1 Qf3 39.a4 Qh1+ 40.Kf2 Qh2+ 41.Ke1 
Qh1+ 42.Kd2 Qf3 43.Rb5+ Kc8 44.Rc5 Kb7 45.Rb5+ Kc8 1/2-1/2

[Event "39th WCh U20 Girls"]
[Site "Mexico City MEX"]
[Date "2023.09.22"]
[Round "3.13"]
[White "Castellanos Hernandez, Lhia Itzayana"]
[Black "Sosovickova, Jana"]
[Result "0-1"]
[WhiteElo "1890"]
[BlackElo "2045"]
[EventDate "2023.09.21"]
[PlyCount "144"]

1.e4 e5 2.Nf3 Nc6 3.Bc4 Nf6 4.d3 Be7 5.c3 O-O 6.Bb3 d5 7.Qe2 dxe4 8.dxe4 
Nd7 9.Nbd2 Bf6 10.Nf1 Nc5 11.Bc2 Be6 12.Ne3 a6 13.O-O Ne7 14.Rd1 Qc8 15.b4
Nd7 16.Nd5 Ng6 17.Nxf6+ Nxf6 18.Ng5 Bg4 19.f3 Bd7 20.Qd3 h6 21.f4 hxg5 22.
fxg5 Bg4 23.gxf6 Bxd1 24.Qxd1 Qd8 25.Qg4 Qxf6 26.Be3 Nf4 27.g3 Qg6 28.Qd7 
Ne6 29.Qd5 c6 30.Qxe5 Rad8 31.Rf1 Qg4 32.Rf2 Rd7 33.Kg2 f6 34.Qf5 Qxf5 35.
exf5 Nc7 36.Bb3+ Nd5 37.a3 Re8 38.Bc5 Re5 39.g4 Kf7 40.Bd4 Re4 41.h3 Ke8 
42.Bxd5 Rxd5 43.Kf3 Re1 44.Re2+ Rxe2 45.Kxe2 Rd7 46.Bc5 Kf7 47.Bd4 Rd8 48.
Kf3 Rh8 49.Kg3 b5 50.h4 Re8 51.g5 fxg5 52.hxg5 g6 53.Kf4 Re1 54.fxg6+ Kxg6
55.Bf6 Re2 56.Bd4 Ra2 57.Ke5 Rxa3 58.Kd6 Kxg5 59.Kxc6 Kf4 60.Kd5 Kf3 61.c4
bxc4 62.Kxc4 Ke4 63.Bb6 Ra1 64.Kc3 Rc1+ 65.Kb2 Rc6 66.Ba5 Kd3 67.Kb3 Rc3+ 
68.Ka2 Kc2 69.Bb6 Rc6 70.Ba5 Rc4 71.Ka3 Rc3+ 72.Ka2 Rb3 0-1

[Event "39th WCh U20 Girls"]
[Site "Mexico City MEX"]
[Date "2023.09.22"]
[Round "3.14"]
[White "Kanyamarala, Trisha"]
[Black "Montano Vicente, Guadalupe"]
[Result "1/2-1/2"]
[WhiteElo "2184"]
[BlackElo "1727"]
[EventDate "2023.09.21"]
[PlyCount "75"]

1.d4 Nf6 2.c4 g6 3.Nc3 Bg7 4.Nf3 O-O 5.Bg5 d6 6.e3 c5 7.Be2 Nbd7 8.O-O a6 
9.h3 b6 10.a4 Bb7 11.d5 Re8 12.e4 e6 13.Qd2 Qe7 14.Rad1 e5 15.Ne1 Qf8 16.
a5 bxa5 17.Ra1 Reb8 18.Rxa5 Qd8 19.Ra2 Qb6 20.Nd3 Re8 21.Be3 Qc7 22.Rfa1 
Nb6 23.Nc1 Rab8 24.Qc2 Rf8 25.Rb1 Nfd7 26.b4 cxb4 27.Rxb4 Nc5 28.Rab2 Nbd7
29.Rb1 f5 30.f3 f4 31.Bf2 Ba8 32.N1a2 Bf6 33.Qc1 Rxb4 34.Nxb4 Bb7 35.Qa3 
Bd8 36.Qb2 Rf7 37.Kh1 Qc8 38.Ra1 1/2-1/2

[Event "39th WCh U20 Girls"]
[Site "Mexico City MEX"]
[Date "2023.09.22"]
[Round "3.15"]
[White "Duque, Raquel dos Santos"]
[Black "Tomasi, Elise"]
[Result "1/2-1/2"]
[WhiteElo "1728"]
[BlackElo "2021"]
[EventDate "2023.09.21"]
[PlyCount "127"]

1.c4 e5 2.g3 Nf6 3.Bg2 d5 4.cxd5 Nxd5 5.Nc3 Nb6 6.Nf3 Nc6 7.O-O Be7 8.b3 
O-O 9.Bb2 Be6 10.Rc1 f5 11.d3 Bf6 12.Nd2 Qe7 13.Nc4 Rfd8 14.Ba3 Qf7 15.Qc2
Nd4 16.Qb1 Nd5 17.Rfe1 Nxc3 18.Rxc3 Nb5 19.Rcc1 Bxc4 20.dxc4 Nxa3 21.Qb2 
Nxc4 22.bxc4 c6 23.e4 fxe4 24.Bxe4 Rd7 25.Qc2 g6 26.Rcd1 Rad8 27.Rxd7 Rxd7
28.Re3 Rd4 29.Bd3 Bg7 30.Re4 Rd8 31.c5 Qd7 32.Bc4+ Kh8 33.Qe2 Bf6 34.f4 
exf4 35.Rxf4 Qd1+ 36.Qxd1 Rxd1+ 37.Kg2 Kg7 38.h3 Re1 39.Bb3 Re7 40.Ra4 a6 
41.Kf3 Rd7 42.g4 Rd3+ 43.Ke4 Rd7 44.Kf4 Be7 45.Rc4 Rd5 46.Rb4 Rd7 47.Rc4 
h6 48.Rc2 Rd3 49.Be6 Rxh3 50.Bc8 Bg5+ 51.Ke5 Rd3 52.Bxb7 Rd5+ 53.Ke4 Be7 
54.Bxc6 Rxc5 55.Rxc5 Bxc5 56.Kf4 Kf6 57.Bd5 Bd6+ 58.Kf3 Ke5 59.Bf7 g5 60.
Bc4 a5 61.a4 Kd4 62.Bb5 Kc3 63.Bd7 Kd2 64.Bb5 1/2-1/2

[Event "39th WCh U20 Girls"]
[Site "Mexico City MEX"]
[Date "2023.09.22"]
[Round "3.16"]
[White "Benito De Leo, Estefania"]
[Black "Mikheeva, Galina"]
[Result "0-1"]
[WhiteElo "1712"]
[BlackElo "1969"]
[EventDate "2023.09.21"]
[PlyCount "94"]

1.e4 e5 2.Nf3 Nc6 3.Bc4 Bc5 4.c3 Nf6 5.d3 O-O 6.Nbd2 d5 7.exd5 Nxd5 8.Ne4 
Be7 9.O-O Kh8 10.Re1 f6 11.a4 a5 12.Bb3 Be6 13.d4 exd4 14.Nxd4 Nxd4 15.
Qxd4 Bg8 16.Nc5 Bxc5 17.Qxc5 b6 18.Qd4 Re8 19.Rf1 Re5 20.f4 Re2 21.Bd1 c5 
22.Qd3 Re7 23.Bf3 Rd7 24.Rd1 Raa7 25.Qf1 Qc7 26.Bxd5 Bxd5 27.Be3 Bb3 28.
Rxd7 Qxd7 29.Qb5 Qxb5 30.axb5 a4 31.Re1 Kg8 32.Bd2 Kf7 33.Re4 Bd5 34.Re1 
Bc4 35.Kf2 Bxb5 36.g3 Bc4 37.Be3 a3 38.bxa3 Rxa3 39.Bd2 Ra2 40.Ke3 Ke6 41.
Rd1 b5 42.h3 h5 43.g4 h4 44.Re1 Kd5 45.Rd1 Bb3 46.Rb1 Kc4 47.Rd1 Bxd1 0-1

[Event "39th WCh U20 Girls"]
[Site "Mexico City MEX"]
[Date "2023.09.22"]
[Round "3.17"]
[White "Diaz Charpentier, Kristel Meliss"]
[Black "Cabrera Cruz, Brenda Elisa"]
[Result "1-0"]
[WhiteElo "1951"]
[BlackElo "1682"]
[EventDate "2023.09.21"]
[PlyCount "79"]

1.d4 Nf6 2.c4 c5 3.d5 b5 4.Nf3 g6 5.Qc2 bxc4 6.e4 Bg7 7.Bxc4 O-O 8.O-O d6 
9.h3 Ba6 10.Nfd2 Nfd7 11.f4 Nb6 12.Na3 Nxc4 13.Ndxc4 Nd7 14.Bd2 Rb8 15.
Rab1 f5 16.Rfe1 fxe4 17.Qxe4 Rf7 18.Na5 Bd4+ 19.Kh1 Nf6 20.Qf3 Bb7 21.Nxb7
Rxb7 22.Nc4 Qb8 23.b4 cxb4 24.Na5 Rb5 25.Nc6 Qb6 26.Nxe7+ Kf8 27.Nc8 Qc7 
28.Qd3 Rxd5 29.Qa6 Bc5 30.Bxb4 Nd7 31.Ba5 Nb6 32.Bxb6 axb6 33.Nxb6 Rdf5 
34.Nd5 Qa7 35.Qc4 Qa8 36.Qc3 Re5 37.fxe5 Qxd5 38.e6 Rg7 39.Rb8+ Ke7 40.
Qxg7# 1-0

[Event "39th WCh U20 Girls"]
[Site "Mexico City MEX"]
[Date "2023.09.22"]
[Round "3.18"]
[White "Brito Carrascal, Isabela"]
[Black "Mogollon Tobar, Nicolle Julieth"]
[Result "1/2-1/2"]
[WhiteElo "1708"]
[BlackElo "1943"]
[EventDate "2023.09.21"]
[PlyCount "81"]

1.e4 d5 2.exd5 Qxd5 3.Nc3 Qa5 4.d4 Nf6 5.Nf3 c6 6.Bc4 Bf5 7.Ne5 e6 8.g4 
Bg6 9.h4 Nbd7 10.Nxd7 Kxd7 11.h5 Be4 12.O-O Bd5 13.Bxd5 Nxd5 14.Ne4 h6 15.
Qf3 Ke8 16.c4 Nf6 17.Bd2 Qd8 18.Nxf6+ Qxf6 19.Qxf6 gxf6 20.f3 Rg8 21.Kf2 
Rd8 22.Be3 Rd7 23.Rfd1 b6 24.a4 Bg7 25.a5 b5 26.cxb5 cxb5 27.Rac1 Ke7 28.
Rc5 a6 29.d5 exd5 30.Rc6 Ra8 31.Bd4 Kf8 32.f4 Kg8 33.Bxf6 d4 34.Bxg7 Kxg7 
35.Rd3 Rd5 36.Kf3 Rd7 37.Kf2 f6 38.Kf3 Kf7 39.Kf2 Kg7 40.Kf3 Kf7 41.Ke4 
1/2-1/2

[Event "39th WCh U20 Girls"]
[Site "Mexico City MEX"]
[Date "2023.09.22"]
[Round "3.19"]
[White "Skaslien, Ingrid"]
[Black "Garcia Hernandez, Rebeca"]
[Result "1-0"]
[WhiteElo "1919"]
[BlackElo "1671"]
[EventDate "2023.09.21"]
[PlyCount "149"]

1.d4 Nf6 2.c4 g6 3.Nc3 d5 4.cxd5 Nxd5 5.e4 Nxc3 6.bxc3 Bg7 7.Bc4 c5 8.Ne2 
Nc6 9.Be3 O-O 10.O-O b6 11.Rb1 Qc7 12.Qc1 Bb7 13.Nf4 Na5 14.Bd5 e6 15.Bxb7
Nxb7 16.d5 e5 17.Nd3 Nd6 18.f3 Nc4 19.Bh6 Rad8 20.Bxg7 Kxg7 21.f4 exf4 22.
Rxf4 h6 23.Qe1 Rde8 24.Qe2 Ne5 25.Rbf1 Nxd3 26.Qxd3 Qe5 27.Qf3 Re7 28.h4 
h5 29.a4 a6 30.Qd3 Ra7 31.Qc4 f6 32.a5 bxa5 33.Qxc5 Rc7 34.Qxa5 Qxc3 35.
Qxa6 Qd4+ 36.Kh1 Qe5 37.Qa1 Rc3 38.Qa6 Rc7 39.Qb6 Rd7 40.Qf2 Rb7 41.Qc5 
Rff7 42.Qc6 Rbc7 43.Qe6 Rce7 44.Qxe5 Rxe5 45.g4 Rfe7 46.gxh5 Rxe4 47.hxg6 
Rxf4 48.Rxf4 Re1+ 49.Kg2 Rd1 50.Rg4 Rxd5 51.Kf3 Ra5 52.Rg2 Ra4 53.h5 Ra3+ 
54.Kg4 Ra4+ 55.Kh3 Ra8 56.Kh4 Ra1 57.Rg3 Rh1+ 58.Kg4 Rd1 59.Kh4 Rh1+ 60.
Rh3 Rg1 61.Rc3 Rh1+ 62.Kg4 Rg1+ 63.Kf4 Rf1+ 64.Ke4 Re1+ 65.Kf3 Rh1 66.Rc7+
Kg8 67.Kg4 Rg1+ 68.Kf5 Rf1+ 69.Ke6 Rh1 70.Kxf6 Rf1+ 71.Kg5 Rf8 72.h6 Ra8 
73.h7+ Kh8 74.Kh6 Rb8 75.g7# 1-0

[Event "39th WCh U20 Girls"]
[Site "Mexico City MEX"]
[Date "2023.09.22"]
[Round "3.20"]
[White "Moracchini, Margaux"]
[Black "Viana, Valeria"]
[Result "1/2-1/2"]
[WhiteElo "1897"]
[BlackElo "1620"]
[EventDate "2023.09.21"]
[PlyCount "89"]

1.e4 c6 2.d4 d5 3.e5 Bf5 4.Nd2 e6 5.Nb3 Nd7 6.Nf3 h6 7.Be2 Ne7 8.O-O Nc8 
9.Re1 Be7 10.Be3 Qc7 11.Qd2 a6 12.a4 Na7 13.Nc5 Qb6 14.b4 Nc8 15.Reb1 Qc7 
16.Qc3 O-O 17.Bf4 a5 18.bxa5 Bxc5 19.dxc5 Qxa5 20.Qxa5 Rxa5 21.Rxb7 Nxc5 
22.Rc7 Rxa4 23.Rxa4 Nxa4 24.Rxc6 Ne7 25.Rc7 Ng6 26.Be3 Rb8 27.h3 Nb6 28.
Bd4 Nf4 29.Bf1 g5 30.Kh2 Bg6 31.g3 Nh5 32.Be2 Ng7 33.g4 Ne8 34.Re7 Nc4 35.
Bxc4 dxc4 36.c3 Rc8 37.Bb6 Kf8 38.Ra7 Be4 39.Nd4 Bd5 40.Ba5 Kg8 41.Bb4 Ra8
42.Re7 Ng7 43.Kg3 Ra1 44.f3 Re1 45.Kf2 1/2-1/2

[Event "39th WCh U20 Girls"]
[Site "Mexico City MEX"]
[Date "2023.09.22"]
[Round "3.21"]
[White "Lopez Rayo, Isabella"]
[Black "Mendoza Recio, Josselyne"]
[Result "1-0"]
[WhiteElo "1876"]
[BlackElo "1573"]
[EventDate "2023.09.21"]
[PlyCount "71"]

1.e4 e5 2.Nf3 Nc6 3.d4 exd4 4.Nxd4 Bc5 5.Nb3 Bb6 6.Nc3 Nge7 7.Bd3 d6 8.O-O
O-O 9.Na4 f5 10.Nxb6 axb6 11.Bg5 f4 12.Bc4+ Kh8 13.Nd4 Qe8 14.f3 Nxd4 15.
Qxd4 Nc6 16.Qd2 Qh5 17.h4 h6 18.Kf2 Bd7 19.Bb3 Rae8 20.Rh1 Na5 21.Bxf4 
Nxb3 22.axb3 Bc6 23.Rae1 Qf7 24.g3 Qf6 25.c3 Qe6 26.b4 Ra8 27.h5 Ra2 28.
Rh4 Qb3 29.Rb1 Qe6 30.Rg4 Bxe4 31.Qd4 Qxg4 32.fxg4 Bxb1 33.Kg1 Rxb2 34.
Bxh6 Rf7 35.Bxg7+ Rxg7 36.h6 1-0

[Event "39th WCh U20 Girls"]
[Site "Mexico City MEX"]
[Date "2023.09.22"]
[Round "3.22"]
[White "Castillo Beitia, Ashley Alexandra"]
[Black "Pantaleon Salmoran, Atzin Yaret"]
[Result "1-0"]
[WhiteElo "1870"]
[BlackElo "1347"]
[EventDate "2023.09.21"]
[PlyCount "63"]

1.d4 Nf6 2.c4 g6 3.Nc3 Bg7 4.e4 d6 5.f3 O-O 6.Be3 e5 7.d5 Nbd7 8.Qd2 a5 9.
Nge2 Nc5 10.g4 h5 11.h3 Kh7 12.Bg5 Qd7 13.Ng3 b6 14.Rg1 Ba6 15.Be2 hxg4 
16.hxg4 Rh8 17.Rh1+ Kg8 18.O-O-O Nh7 19.Bh6 f6 20.Rdg1 Bxh6 21.Rxh6 Kg7 
22.Nf5+ gxf5 23.gxf5+ Kf8 24.Rgh1 Qf7 25.Qe1 Re8 26.Qh4 Re7 27.f4 Qg8 28.
Rxf6+ Nxf6 29.Qxf6+ Rf7 30.Qd8+ Kg7 31.Rg1+ Kh7 32.Qh4# 1-0

[Event "39th WCh U20 Girls"]
[Site "Mexico City MEX"]
[Date "2023.09.22"]
[Round "3.23"]
[White "Milner, Romi"]
[Black "Ham Corona, Ana Paola"]
[Result "1-0"]
[WhiteElo "1856"]
[BlackElo "1290"]
[EventDate "2023.09.21"]
[PlyCount "81"]

1.d4 Nf6 2.Bg5 Ne4 3.Bf4 c5 4.f3 Nf6 5.dxc5 Qa5+ 6.Qd2 Qxc5 7.Nc3 d6 8.e4 
a6 9.Bd3 Qc7 10.Nge2 Nc6 11.O-O-O Nb4 12.e5 dxe5 13.Bxe5 Qa5 14.Bxf6 exf6 
15.Rhe1 Be7 16.Nf4 Be6 17.Bc4 Rd8 18.Qe2 Rxd1+ 19.Kxd1 Qd8+ 20.Kc1 Bxc4 
21.Qxc4 Nc6 22.Nfd5 O-O 23.Rd1 Bd6 24.Ne4 Bf4+ 25.Nxf4 Qb8 26.Nc5 Ne5 27.
Qd5 Rc8 28.Qxb7 Qa8 29.Qxa8 Rxa8 30.Rd6 a5 31.Ra6 Rxa6 32.Nxa6 Kf8 33.a3 
Ke7 34.b4 axb4 35.axb4 Kd6 36.Kb2 Kc6 37.Kb3 Kb5 38.Nc5 Nc6 39.c4+ Kb6 40.
Nd5+ Ka7 41.b5 1-0

[Event "39th WCh U20 Girls"]
[Site "Mexico City MEX"]
[Date "2023.09.22"]
[Round "3.24"]
[White "Velarde Hernandez, Paulina Yunuen"]
[Black "Mikic, Ivana"]
[Result "1-0"]
[WhiteElo "1557"]
[BlackElo "1836"]
[EventDate "2023.09.21"]
[PlyCount "87"]

1.d4 Nf6 2.Nf3 e6 3.c4 b6 4.g3 Bb7 5.Bg2 d5 6.Ne5 Nbd7 7.Nc3 Be7 8.O-O O-O
9.b3 c6 10.Bb2 Nxe5 11.dxe5 Nd7 12.cxd5 cxd5 13.Nb5 a6 14.Nd4 Nxe5 15.Nxe6
fxe6 16.Bxe5 Bf6 17.Qd4 Bxe5 18.Qxe5 Qe7 19.Rac1 Rac8 20.Bh3 Rfe8 21.Rxc8 
Bxc8 22.Rc1 Kf7 23.Rc7 Bd7 24.Rb7 Rc8 25.Rxb6 Bc6 26.Rxa6 d4 27.Qxd4 Bd5 
28.Ra7 Rc1+ 29.Bf1 Rc7 30.Rxc7 Qxc7 31.Qf4+ Qxf4 32.gxf4 Be4 33.f3 Bb1 34.
a3 Ke7 35.e4 Kd6 36.Kf2 g6 37.Ke3 Bc2 38.Bc4 Bd1 39.a4 h6 40.h4 Kd7 41.a5 
Kc6 42.a6 Kb6 43.Bxe6 Kxa6 44.Bf7 1-0

[Event "39th WCh U20 Girls"]
[Site "Mexico City MEX"]
[Date "2023.09.22"]
[Round "3.25"]
[White "Aguilar Sanchez, Citlalli Genoveva"]
[Black "Hernandez Diaz, Paula Sofia"]
[Result "0-1"]
[WhiteElo "1520"]
[BlackElo "1796"]
[EventDate "2023.09.21"]
[PlyCount "64"]

1.e4 c5 2.Nf3 d6 3.Bb5+ Bd7 4.Bxd7+ Qxd7 5.Nc3 g6 6.d3 Bg7 7.Be3 Nf6 8.e5 
Ng4 9.exd6 Nxe3 10.fxe3 exd6 11.O-O O-O 12.d4 Qe8 13.Re1 Nc6 14.a3 Rd8 15.
Qd3 a6 16.Rad1 b5 17.Qe2 Qe7 18.Nd5 Qb7 19.c4 Rfe8 20.Qd3 bxc4 21.Qxc4 Na5
22.Qa2 Nb3 23.dxc5 dxc5 24.Nc3 Rxd1 25.Nxd1 c4 26.Nc3 Qb6 27.Kf2 Bh6 28.
Nd5 Qc6 29.Nb4 Qb7 30.Qb1 a5 31.Nc2 Nc5 32.Qc1 Nd3+ 0-1

[Event "39th WCh U20 Girls"]
[Site "Mexico City MEX"]
[Date "2023.09.22"]
[Round "3.26"]
[White "Garcia Ortega, Natalia Belen"]
[Black "Saravanan, Durga"]
[Result "1-0"]
[WhiteElo "1488"]
[BlackElo "1757"]
[EventDate "2023.09.21"]
[PlyCount "123"]

1.d4 Nf6 2.c4 e6 3.Nc3 Bb4 4.g3 O-O 5.Bg2 d5 6.Nf3 c6 7.O-O dxc4 8.Ne5 Nd5
9.Qc2 b5 10.a4 f6 11.Nf3 Qd7 12.e4 Nxc3 13.bxc3 Be7 14.Rd1 Bb7 15.Be3 a6 
16.Qe2 Qc8 17.Bf4 Re8 18.a5 Nd7 19.e5 f5 20.Ng5 Bxg5 21.Bxg5 Nf8 22.h4 h6 
23.Be3 Ng6 24.Qh5 Ne7 25.Kh2 Qd7 26.Rg1 Kh7 27.g4 fxg4 28.Be4+ Nf5 29.Rxg4
Re7 30.Rag1 Kh8 31.Rg6 Rf7 32.Bxh6 gxh6 33.Rxh6+ Rh7 34.Bxf5 exf5 35.Qg6 
Rf8 36.Rg5 Qf7 37.Rxh7+ Qxh7 38.Rh5 Qxh5 39.Qxh5+ Kg7 40.Qg5+ Kf7 41.Qxf5+
Ke7 42.Qg5+ Ke6 43.f4 Rf7 44.Qg6+ Ke7 45.f5 Rf8 46.f6+ Ke6 47.Qg7 Rf7 48.
Qg8 c5 49.Qe8+ Kf5 50.Qxf7 Bc8 51.Qc7 Be6 52.Qxc5 Bf7 53.Qc8+ Be6 54.Qxa6 
Bd7 55.f7 Ke4 56.f8=Q Kd3 57.Qf3+ Kc2 58.Qg6+ Kb2 59.Qgg2+ Ka3 60.Qfe2 Kb3
61.Qa2+ Kxc3 62.Qgd2# 1-0

[Event "39th WCh U20 Girls"]
[Site "Mexico City MEX"]
[Date "2023.09.23"]
[Round "4.1"]
[White "Getman, Tatyana"]
[Black "Yip, Carissa"]
[Result "1/2-1/2"]
[WhiteElo "2172"]
[BlackElo "2372"]
[EventDate "2023.09.21"]
[PlyCount "64"]

1.d4 Nf6 2.c4 g6 3.Nc3 Bg7 4.e4 d6 5.Nf3 O-O 6.Bd3 e5 7.d5 a5 8.O-O Na6 9.
a3 c5 10.dxc6 bxc6 11.b4 d5 12.cxd5 cxd5 13.Bg5 Bb7 14.Nxd5 axb4 15.axb4 
Bxd5 16.Bxa6 Bxe4 17.Qe2 Bxf3 18.Qxf3 e4 19.Qe2 Qd4 20.Qc4 Ng4 21.Qxd4 
Bxd4 22.Ra2 Rfb8 23.Ra4 h6 24.Bf4 Rxa6 25.Rxa6 Rxb4 26.Ra8+ Kh7 27.Rb8 Ra4
28.Rb7 Nxf2 29.Rxf7+ Kg8 30.Re7 Nh3+ 31.Kh1 Nf2+ 32.Kg1 Nh3+ 1/2-1/2

[Event "39th WCh U20 Girls"]
[Site "Mexico City MEX"]
[Date "2023.09.23"]
[Round "4.2"]
[White "Mkrtchian, Mariam"]
[Black "Hryzlova, Sofiia"]
[Result "1-0"]
[WhiteElo "2343"]
[BlackElo "2228"]
[EventDate "2023.09.21"]
[PlyCount "137"]

1.d4 Nf6 2.c4 e6 3.Nf3 d5 4.g3 Be7 5.Bg2 O-O 6.Nc3 dxc4 7.Ne5 Nc6 8.Bxc6 
bxc6 9.Nxc6 Qe8 10.Nxe7+ Qxe7 11.Qa4 c5 12.dxc5 Qxc5 13.Be3 Qc7 14.f3 Bb7 
15.O-O-O Nd5 16.Bd4 Rfd8 17.Nb5 Qc6 18.Qa5 a6 19.Nc3 Nxc3 20.Bxc3 Rd5 21.
Rxd5 exd5 22.Bd4 Re8 23.Qd2 a5 24.e3 a4 25.a3 Qg6 26.Qc2 c3 27.bxc3 Qc6 
28.Kd2 Ba6 29.Rb1 Bc4 30.Rb4 Bb3 31.Qf5 Qa6 32.Qg4 g6 33.Qd7 Rf8 34.Qh3 h5
35.Rb6 Qc8 36.Qh4 Qf5 37.Qf6 Qxf6 38.Bxf6 Rc8 39.e4 dxe4 40.fxe4 Kf8 41.
Kd3 Ke8 42.Rb7 Rc6 43.Be5 Kd8 44.Rb4 Kd7 45.c4 Ke6 46.Bf4 Ra6 47.Kd4 Rc6 
48.h4 Rc8 49.Rb6+ Kd7 50.Rb7+ Ke6 51.c5 Rd8+ 52.Bd6 Rc8 53.Kc3 Kf6 54.Kb4 
Bc2 55.Re7 Bb3 56.Kb5 g5 57.Kb6 gxh4 58.gxh4 Be6 59.c6 Rg8 60.Ra7 Bb3 61.
Be7+ Ke6 62.c7 Rc8 63.Bd8 Bc2 64.e5 Bd1 65.Ra5 Bb3 66.Kc6 Bc2 67.Kb7 Kd7 
68.Rd5+ Ke6 69.Kxc8 1-0

[Event "39th WCh U20 Girls"]
[Site "Mexico City MEX"]
[Date "2023.09.23"]
[Round "4.3"]
[White "Francisco, Candela"]
[Black "Demchenko, Svitlana"]
[Result "1-0"]
[WhiteElo "2345"]
[BlackElo "2169"]
[EventDate "2023.09.21"]
[PlyCount "69"]

1.e4 c5 2.Nf3 e6 3.d4 cxd4 4.Nxd4 Nc6 5.Bf4 d6 6.Nxc6 bxc6 7.c4 e5 8.Be3 
Nf6 9.Nc3 Ng4 10.Bc1 Be7 11.Be2 Nf6 12.Be3 Be6 13.O-O O-O 14.b4 d5 15.cxd5
cxd5 16.exd5 Nxd5 17.Nxd5 Bxd5 18.Qa4 Qc7 19.Rfd1 Rfd8 20.a3 Qc6 21.Qxc6 
Bxc6 22.b5 Be4 23.a4 Kf8 24.a5 Ke8 25.a6 Bd6 26.b6 axb6 27.Bxb6 Ke7 28.
Bxd8+ Rxd8 29.Bc4 Rd7 30.a7 Ba8 31.Bd5 Rd8 32.Rab1 Bc5 33.Bxa8 Rxa8 34.
Rb7+ Ke6 35.Rdd7 1-0

[Event "39th WCh U20 Girls"]
[Site "Mexico City MEX"]
[Date "2023.09.23"]
[Round "4.4"]
[White "Rakshitta, Ravi"]
[Black "Bommini, Mounika Akshaya"]
[Result "1-0"]
[WhiteElo "2272"]
[BlackElo "2096"]
[EventDate "2023.09.21"]
[PlyCount "107"]

1.d4 d5 2.Nf3 Nf6 3.g3 c5 4.Bg2 cxd4 5.O-O h6 6.b3 Bg4 7.Ne5 Bf5 8.Qxd4 e6
9.Qa4+ Nbd7 10.c4 b5 11.Qxb5 Rb8 12.Qa4 Rb4 13.Nc6 Rxa4 14.Nxd8 Ra6 15.Nb7
Rb6 16.Na5 Bxb1 17.Rxb1 Bb4 18.Be3 Bxa5 19.Bxb6 Bxb6 20.cxd5 Nxd5 21.Bxd5 
exd5 22.b4 Nf6 23.a4 Kd7 24.e3 Ne4 25.Rbc1 f5 26.Rfd1 Nf6 27.Kf1 Rb8 28.b5
Rc8 29.Rxc8 Kxc8 30.Ke2 Kd7 31.Rc1 Ng4 32.Ra1 Ba5 33.Rd1 Ke6 34.Rc1 Ne5 
35.Rc8 Bb6 36.h4 Nc4 37.Ra8 Kf6 38.Kf3 Ne5+ 39.Kg2 Nc4 40.Rb8 Ke6 41.Rb7 
Kf6 42.Rd7 h5 43.Rxd5 Nb2 44.Rd6+ Ke7 45.Rg6 Nxa4 46.Rxg7+ Kf6 47.Rg5 Nc3 
48.Rxh5 Nxb5 49.g4 Nd6 50.Rh6+ Ke7 51.g5 a5 52.g6 Bc5 53.Rh7+ Kf6 54.Rc7 
1-0

[Event "39th WCh U20 Girls"]
[Site "Mexico City MEX"]
[Date "2023.09.23"]
[Round "4.5"]
[White "Krasteva, Beloslava"]
[Black "Djidjeli, Sarah"]
[Result "1/2-1/2"]
[WhiteElo "2223"]
[BlackElo "2058"]
[EventDate "2023.09.21"]
[PlyCount "78"]

1.d4 d5 2.c4 e6 3.Nc3 Nf6 4.cxd5 exd5 5.Bg5 c6 6.e3 Be7 7.Bd3 h6 8.Bf4 O-O
9.h3 Bd6 10.Bxd6 Qxd6 11.Nf3 Re8 12.Qc2 Qe7 13.O-O Nbd7 14.Nd2 b6 15.Rad1 
Bb7 16.Rfe1 c5 17.dxc5 bxc5 18.Nf3 Ne5 19.Nxe5 Qxe5 20.Bf1 Qe7 21.Qa4 Red8
22.Re2 Qc7 23.Red2 Bc6 24.Bb5 Bb7 25.Qc2 Rac8 26.Be2 Rd7 27.Qf5 Rcd8 28.
Rc2 d4 29.exd4 cxd4 30.Nb5 Qa5 31.Rcd2 Qxa2 32.Qc2 Qd5 33.Bf1 Qg5 34.Nxd4 
Ne4 35.Nf3 Qe7 36.Rxd7 Rxd7 37.Rxd7 Qxd7 38.Bd3 Nf6 39.Be2 Qd6 1/2-1/2

[Event "39th WCh U20 Girls"]
[Site "Mexico City MEX"]
[Date "2023.09.23"]
[Round "4.6"]
[White "Walter, Ema"]
[Black "Lu Miaoyi"]
[Result "0-1"]
[WhiteElo "2063"]
[BlackElo "2214"]
[EventDate "2023.09.21"]
[PlyCount "46"]

1.e4 c5 2.Nf3 Nc6 3.Bb5 g6 4.Bxc6 bxc6 5.O-O Bg7 6.Re1 Nf6 7.c3 O-O 8.h3 
d6 9.d3 Rb8 10.Nbd2 Ba6 11.Nf1 e5 12.Qc2 Nh5 13.Bg5 f6 14.Be3 f5 15.exf5 
gxf5 16.Ng3 Qe8 17.Bg5 Nxg3 18.fxg3 Qg6 19.Rad1 c4 20.dxc4 e4 21.Be7 exf3 
22.Bxd6 Bxc4 23.gxf3 Rbe8 0-1